Disney Trivia- Letter C - Statistics

General Stats
  • This quiz has been taken 188 times
  • The average score is 13 of 18
Answer Stats
Questions Answer % Correct
The princess who loses her shoe Cinderella
98%
Fill in the blank of this song title: ____ you feel the love tonight Can
97%
Which character is known for his signature grin? Cheshire cat
95%
What type of animal is Sebastian in The Little Mermaid? Crab
94%
What type of pet does Alice have in Alice in Wonderland? Cat
93%
Fill in the blank of this song title: The _____ of life circle
92%
What type of fish is Nemo? Clownfish
92%
"If she doesn't scare you then no evil thing will" Cruella
78%
The son of Mrs Potts Chip
76%
Aladdin finds a magic one of these Carpet
69%
Fill in the blank from the song Someday my Prince will come: and a way to his ____ we'll go castle
69%
The boy who visits the 100 acre wood Christopher Robin
66%
The name of the talking clock in Beauty and the Beast Cogsworth
66%
What object is Lumiere? Candelabra
56%
What is the name of Tiana's best friend in The Princess and the Frog? Charlotte
53%
Where do the Banks family live in Mary Poppins? _____ tree lane Cherry
48%
What Kingdom is Tangled set in? Corona
37%
What nickname does Peter Pan give Captain Hook? Codfish
26%
No matching quizzes found
Score Distribution
Percent of People with Each Score
Percentile by Number Answered
Your Score History
You have not taken this quiz